|
|
|
|
| LEADER |
00000cam a2200000 a 4500 |
| 001 |
1/114513 |
| 008 |
170719s1991####gr | ||| |||| ||gre|| |
| 040 |
|
|
|a GR-MyUa
|b gre
|c GR-MyUa
|e AACR2
|
| 041 |
0 |
|
|a gre
|
| 082 |
7 |
|
|a 889.4
|2 (23)
|
| 100 |
1 |
|
|a Λογοθέτης, Μιλτιάδης Ι.
|
| 245 |
1 |
0 |
|a Προκλήσεις αυτογνωσίας :
|b δοκίμια (ιστορία, πολιτισμός, τουρισμός, ανάπτυξη) /
|c Μιλτιάδης Λογοθέτης.
|
| 260 |
|
|
|a Ρόδος :
|b Τέχνη,
|c 1991.
|
| 300 |
|
|
|a 167 σ. ;
|c 21 εκ.
|
| 650 |
|
0 |
|a Greek essays, Modern.
|
| 651 |
|
0 |
|a Dodecanese Islands (Greece)
|x History.
|
| 852 |
|
|
|a INST
|b RHODES
|e 20170719
|h 889.4 ΛΟΓ
|p 005400039421
|q 005400039421
|t BK
|y 0
|
| 970 |
|
|
|z 19-07-2017
|